000 00628nam a2200229Ia 4500
003 OSt
005 20220918214136.0
006 a|||||r|||| 00| 0
007 ta
008 220917b |||||||| |||| 00| 0 eng d
024 _a136,018
037 _cTextual
040 _aARTS
_cARTS
_beng
041 _2eng
_aeng
082 _aX755.1(Y:4).N7, L7
100 _aWellons P A
_9129985
245 0 _aBorrowing by developing countries on the Euro currency market
260 _aParis
_bOECD
_c1977
650 _aECONOMICS
942 _hX755.1(Y:4).N7, L7
_cTEXL
_2CC
999 _c259108
_d259108